• 首页
  • 本馆介绍
  • 公告通知
  • 最新文献
  • 馆藏检索
  • 电子资源
  • 读者导购
  • 参考咨询
  • 我的图书馆
  • 登录
  • 详细信息显示
  • 放入我的书架
  • 预约/预借图书
  • 作者相关作品
  • 分类相关作品
  • 丛书相关作品
  • 出版社相关作品

书目信息

  • 表格格式
  • 工作单格式
  • 卡片格式
题名:
大学语文
    
 
作者: 徐中玉 主编 ;方克强 编写
分册:  
出版信息: 上海   华东师范大学社  1994
页数: 366页
开本: 20cm
丛书名:
单 册:
中图分类: H1-43
科图分类:
主题词: 语文--高等教育--教材
电子资源:
ISBN: 7-5617-1264-2
000 00823nam0 2200265 45
001 0195005733
005 20061019082404.62
010    @a7-5617-1264-2@dCNY15.50
100    @a19950127d1994 em y0chiy0121 ea
101 0  @achi
102    @aCN@b310000
105    @ay z 000zd
200 10 @a大学语文@ADA XUE YU WEN@e四学分课程@ESI XUE FEN KE CHENG@f徐中玉主编@FXU ZHONG YU ZHU BIAN@g方克强等编写
210    @a上海@c华东师范大学社@d1994
215    @a366页@d20cm
300    @a高等教育自学考试应用专科公共课
314    @a方克强,华东师范大学任教
314    @a徐中玉,华东师范大学任教
540 1  @a大学 语文@ADA XUE YU WEN
606    @a语文@x高等教育@x教材
690    @aH1-43@v3
701  0 @a徐中玉@AXU ZHONG YU@4主编
702  0 @a方克强@AFANG KE QIANG@4编写
801  0 @aCN@bTSSF@c20061019
905    @a10447@dH1-43@e111
    
    大学语文:四学分课程/徐中玉主编/方克强等编写.-上海:华东师范大学社,1994
    366页;20cm
    高等教育自学考试应用专科公共课
    
    ISBN 7-5617-1264-2:CNY15.50
    
●
相关链接 在E读中查询图书 在五车中查询图书 在当当中查询图书 在豆瓣中查询图书


正题名:大学语文     索取号:H1-43/111         预约/预借

序号 登录号 条形码 馆藏地/架位号 状态 备注
1 0502813   205028138   密集书库/ [索取号:H1-43/111] 在馆    
唐山师范学院图书馆 欢迎您!
大连网信软件有限公司© 版权所有